| 000 | 01339cam a22002298i 4500 | ||
|---|---|---|---|
| 001 | 17384798 | ||
| 005 | 20130930151932.0 | ||
| 008 | 120713s2013 ne b 001 0 eng | ||
| 010 | _a 2012021488 | ||
| 020 | _a9780123943910 (hardback) | ||
| 082 | 0 | 0 |
_a629.89 _223 _bFAD |
| 100 | 1 |
_aFadali, M. Sami. _933825 |
|
| 245 | 1 | 0 |
_aDigital control engineering : _banalysis and design / _cM. Sami Fadali, Antonio Visioli. |
| 250 | _aSecond edition. | ||
| 300 |
_a582 p. : _bill. ; _c24 cm. |
||
| 504 | _aIncludes bibliographical references and index. | ||
| 505 | 8 | _aMachine generated contents note: Table of Contents Chapter 1. Introduction to Digital Control Chapter 2. Discrete-Time systems Chapter 3. Modeling of Digital Control Systems Chapter 4. Stability of Digital Control Systems Chapter 5. Analog Control System Design Chapter 6. Digital Control System Design Chapter 7. State-Space Representation Chapter 8. Properties of State-Space Models Chapter 9. State Feedback Control Chapter 10. Elements of Nonlinear Digital Control Systems Chapter 11. Practical Issues Appendix I: Table of Laplace and Z-Transforms Appendix II: Properties of the Z-Transform Appendix III: Review of Linear Algebra . | |
| 650 | 0 |
_aDigital control systems. _919120 |
|
| 653 |
_bEle _cSeptember2013 |
||
| 700 | 1 |
_aVisioli, Antonio. _933826 |
|
| 942 |
_2ddc _cBB |
||
| 999 |
_c17577 _d17549 |
||